[Event "Quebec op"]
[Site "Montreal CAN"]
[Date "2011.07.29"]
[Round "8"]
[White "Chiku-Ratte, Olivier-Kenta"]
[Black "Luksza, Arkadiusz"]
[Result "1/2-1/2"]
[WhiteElo "2098"]
[BlackElo "2197"]
[PlyCount "61"]
[EventDate "2011.07.23"]
[EventType "swiss"]
[EventRounds "9"]
[EventCountry "CAN"]

1. d4 e6 2. c4 Nf6 3. Nc3 Bb4 4. e3 b6 5. Nge2 Ne4 6. Qc2 Bb7 7. a3 Bxc3+ 8.
Nxc3 Nxc3 9. Qxc3 O-O 10. b4 d6 11. Bb2 a5 12. f3 f5 13. d5 e5 14. Bd3 axb4 15.
axb4 Rxa1+ 16. Bxa1 Qh4+ 17. g3 Qh6 18. Be2 Nd7 19. O-O Nf6 20. f4 Ne4 21. Qd3
Qg6 22. Bf3 Nxg3 23. hxg3 e4 24. Qe2 exf3 25. Qxf3 Ra8 26. Bd4 Qf7 27. b5 Ra4
28. Qe2 Qg6 29. Kh2 Qh6+ 30. Kg2 Qg6 31. Kh2 1/2-1/2

[Event "Quebec op"]
[Site "Montreal CAN"]
[Date "2011.07.30"]
[Round "9"]
[White "Chiku-Ratte, Olivier-Kenta"]
[Black "Robichaud, Louis"]
[Result "0-1"]
[WhiteElo "2098"]
[BlackElo "2183"]
[PlyCount "84"]
[EventDate "2011.07.23"]
[EventType "swiss"]
[EventRounds "9"]
[EventCountry "CAN"]

1. d4 Nf6 2. c4 g6 3. Nc3 Bg7 4. e4 d6 5. f4 O-O 6. Nf3 c5 7. d5 e6 8. Be2 exd5
9. cxd5 Bg4 10. O-O Re8 11. h3 Bxf3 12. Bxf3 Nbd7 13. Re1 Qa5 14. Be3 b5 15. a3
Nb6 16. e5 Nfd7 17. e6 Nc4 18. exd7 Rxe3 19. Rxe3 Nxe3 20. Qe2 Bd4 21. Kh2 Rd8
22. a4 a6 23. Nd1 Rxd7 24. Nxe3 Re7 25. Nc4 Qd8 26. Qd3 bxc4 27. Qxc4 Qb6 28.
Rb1 a5 29. b3 Re3 30. Qb5 Qd8 31. Rf1 h5 32. f5 Qg5 33. fxg6 fxg6 34. Qd7 Re7
35. Qd8+ Kh7 36. Bd1 Kh6 37. Bc2 Qe5+ 38. Kh1 Rf7 39. Rb1 Qe2 40. Bxg6 Rf1+ 41.
Rxf1 Qxf1+ 42. Kh2 Bg1+ 0-1

[Event "CAN-op (Pinnacle 48th CAN Op Ch)"]
[Site "Toronto CAN"]
[Date "2011.07.09"]
[Round "1"]
[White "Coleman, Mike"]
[Black "Chiku-Ratte, Olivier-Kenta"]
[Result "0-1"]
[WhiteElo "2162"]
[BlackElo "1729"]
[PlyCount "56"]
[EventDate "2011.07.09"]
[EventType "swiss"]
[EventRounds "9"]
[EventCountry "CAN"]

1. e4 c5 2. Nf3 d6 3. d4 cxd4 4. Nxd4 Nf6 5. Nc3 g6 6. f3 Bg7 7. Be3 Nc6 8. Qd2
O-O 9. Bc4 Bd7 10. O-O-O Rc8 11. Bb3 Nxd4 12. Bxd4 b5 13. e5 dxe5 14. Bxe5 Bc6
15. Qe3 Qa5 16. a3 Rfd8 17. Rxd8+ Rxd8 18. Bd4 b4 19. axb4 Qa1+ 20. Nb1 Ng4 21.
Bxf7+ Kxf7 22. Qf4+ Nf6 23. g4 Kg8 24. Qe5 Rxd4 25. Qxd4 Bh6+ 26. f4 Bxh1 27.
g5 Bg7 28. Qc4+ Nd5 0-1

[Event "CAN-op (Pinnacle 48th CAN Op Ch)"]
[Site "Toronto CAN"]
[Date "2011.07.10"]
[Round "2"]
[White "Chiku-Ratte, Olivier-Kenta"]
[Black "Renteria, Rolando"]
[Result "0-1"]
[WhiteElo "1729"]
[BlackElo "2346"]
[PlyCount "144"]
[EventDate "2011.07.09"]
[EventType "swiss"]
[EventRounds "9"]
[EventCountry "CAN"]

1. d4 Nf6 2. c4 g6 3. Nc3 Bg7 4. e4 d6 5. f4 O-O 6. Nf3 c5 7. d5 a6 8. a4 e5 9.
fxe5 Ng4 10. Bg5 Qb6 11. Qd2 Nxe5 12. Nxe5 Bxe5 13. Be2 Bd4 14. Be3 Bxe3 15.
Qxe3 Nd7 16. a5 Qc7 17. O-O Ne5 18. Rf6 Bg4 19. Raf1 Bxe2 20. Qxe2 Nd7 21. R6f4
Qxa5 22. Qd2 Ne5 23. Rh4 f6 24. Qh6 Qc7 25. b3 Rae8 26. Ne2 g5 27. Rh3 Qg7 28.
Qxg7+ Kxg7 29. Ng3 Nf7 30. Nh5+ Kg8 31. Nxf6+ Kg7 32. Nxe8+ Rxe8 33. Rhf3 Ne5
34. Rf6 Rd8 35. Re6 Rd7 36. Re8 b5 37. cxb5 axb5 38. Rb8 b4 39. Rff8 Nf7 40.
Rfe8 Ra7 41. Ra8 Rc7 42. Ra6 Rb7 43. e5 dxe5 44. Rc6 c4 45. Rec8 cxb3 46. Rc1
Nd6 47. R8c6 Nb5 48. d6 Kf6 49. Rd1 Nd4 50. Rc7 Rb8 51. d7 Rd8 52. Rb7 Ke6 53.
Rxb4 Rxd7 54. Kf2 Rf7+ 55. Kg1 h5 56. g3 Rc7 57. Rdxd4 exd4 58. Rxb3 Kd5 59.
Rb5+ Kc4 60. Rxg5 d3 61. Kf1 Re7 62. Rg8 d2 63. Rc8+ Kd3 64. Rd8+ Ke3 65. Rd5
Rc7 66. Kg2 Rc1 67. Kh3 d1=Q 68. Rxd1 Rxd1 69. Kh4 Rd5 70. h3 Kf3 71. g4 hxg4
72. hxg4 Rd4 0-1

[Event "CAN-op (Pinnacle 48th CAN Op Ch)"]
[Site "Toronto CAN"]
[Date "2011.07.11"]
[Round "3"]
[White "Hayder, Ali"]
[Black "Chiku-Ratte, Olivier-Kenta"]
[Result "0-1"]
[WhiteElo "2120"]
[BlackElo "1729"]
[PlyCount "74"]
[EventDate "2011.07.09"]
[EventType "swiss"]
[EventRounds "9"]
[EventCountry "CAN"]

1. d4 Nf6 2. Nf3 c5 3. e3 b6 4. Bd3 Bb7 5. O-O d6 6. Nbd2 Nbd7 7. e4 cxd4 8.
Nxd4 g6 9. f4 Bg7 10. Ne2 O-O 11. Ng3 b5 12. Kh1 Qb6 13. Qe2 a6 14. Nf3 Nc5 15.
Be3 Ng4 16. b4 Nxe3 17. Qxe3 Na4 18. Qc1 Rac8 19. Rb1 Nc3 20. Ra1 d5 21. e5 d4
22. Qd2 Nd5 23. Ne4 Ne3 24. Rfe1 Bh6 25. g3 f5 26. exf6 exf6 27. Kg1 f5 28. Nc5
Bxf3 29. Rxe3 dxe3 30. Qxe3 Bd5 31. a4 Bg7 32. Ra3 Rfe8 33. Qf2 Bb2 34. Rb3
Bxb3 35. cxb3 Qf6 36. Qc2 Bd4+ 37. Kf1 Qc6 0-1

[Event "CAN-op (Pinnacle 48th CAN Op Ch)"]
[Site "Toronto CAN"]
[Date "2011.07.12"]
[Round "4"]
[White "Chiku-Ratte, Olivier-Kenta"]
[Black "Barron, Michael"]
[Result "1/2-1/2"]
[WhiteElo "1729"]
[BlackElo "2277"]
[PlyCount "96"]
[EventDate "2011.07.09"]
[EventType "swiss"]
[EventRounds "9"]
[EventCountry "CAN"]

1. d4 f5 2. Nc3 Nf6 3. Bg5 d5 4. Bxf6 exf6 5. e3 Bb4 6. Nge2 O-O 7. a3 Ba5 8.
b4 Bb6 9. Nf4 c6 10. Be2 Re8 11. O-O Nd7 12. Na4 Bc7 13. g3 Nf8 14. Rc1 g5 15.
Nd3 Ng6 16. Qd2 Qe7 17. Bf3 b5 18. Nac5 a5 19. bxa5 Bxa5 20. Nb4 Qd6 21. Qc3
Be6 22. Nb7 Bxb4 23. axb4 Qc7 24. Nc5 Bf7 25. Ra1 Ne7 26. Ra3 Rxa3 27. Qxa3 Nc8
28. Ra1 Nb6 29. Qb3 Ra8 30. Rxa8+ Nxa8 31. Qa3 Nb6 32. Qa5 Qb8 33. Qa6 Qc7 34.
Nb7 Kg7 35. Nc5 Nd7 36. Qa5 Qc8 37. Qa7 Nxc5 38. bxc5 Kf8 39. Bg2 f4 40. exf4
gxf4 41. c3 Bg6 42. h4 fxg3 43. fxg3 Qe6 44. Qb8+ Kg7 45. Qc7+ Kf8 46. Qd8+ Kg7
47. Qc7+ Kf8 48. Qd8+ Kg7 1/2-1/2

[Event "CAN-op (Pinnacle 48th CAN Op Ch)"]
[Site "Toronto CAN"]
[Date "2011.07.13"]
[Round "5"]
[White "Birarov, Vladimir"]
[Black "Chiku-Ratte, Olivier-Kenta"]
[Result "0-1"]
[WhiteElo "2267"]
[BlackElo "1729"]
[PlyCount "84"]
[EventDate "2011.07.09"]
[EventType "swiss"]
[EventRounds "9"]
[EventCountry "CAN"]

1. g3 c5 2. Bg2 g6 3. Nf3 Bg7 4. O-O Nc6 5. d3 Nf6 6. e4 d6 7. c3 O-O 8. h3 Nd7
9. Bg5 Rb8 10. Nbd2 b5 11. Rb1 b4 12. Nc4 h6 13. Bd2 Ba6 14. Qc1 Kh7 15. Qc2
Bxc4 16. dxc4 Qa5 17. cxb4 Nxb4 18. Bxb4 cxb4 19. b3 Nc5 20. Rbd1 Qc7 21. h4
Bc3 22. h5 e5 23. hxg6+ fxg6 24. Qe2 Rf6 25. Nh2 h5 26. f4 Rbf8 27. f5 Bd4+ 28.
Kh1 gxf5 29. exf5 Qg7 30. Qxh5+ Rh6 31. Qe2 Qxg3 32. Bd5 Qh4 33. Rd2 Bc3 34.
Rc2 e4 35. Qf2 Be5 36. Qxh4 Rxh4 37. Rg2 Rf6 38. Re1 Rfh6 39. Ree2 e3 40. Kg1
Rxh2 41. Rxh2 Rxh2 42. Bg2 Rh5 0-1

[Event "CAN-op (Pinnacle 48th CAN Op Ch)"]
[Site "Toronto CAN"]
[Date "2011.07.14"]
[Round "6"]
[White "Chiku-Ratte, Olivier-Kenta"]
[Black "Milicevic, Goran"]
[Result "0-1"]
[WhiteElo "1729"]
[BlackElo "2400"]
[PlyCount "64"]
[EventDate "2011.07.09"]
[EventType "swiss"]
[EventRounds "9"]
[EventCountry "CAN"]

1. d4 Nf6 2. c4 e6 3. Nc3 Bb4 4. e3 b6 5. Nge2 Ba6 6. a3 Bxc3+ 7. Nxc3 d5 8.
Qf3 O-O 9. b3 c5 10. dxc5 Nbd7 11. Be2 Nxc5 12. b4 Nb3 13. Rb1 Nxc1 14. Rxc1
Bxc4 15. Bxc4 dxc4 16. O-O Qe7 17. Rfd1 Rac8 18. Nb5 Ne8 19. Qg3 a6 20. Nd6
Nxd6 21. Qxd6 Qb7 22. Rd4 b5 23. Rcd1 c3 24. Rc1 Qc6 25. Kf1 Qb7 26. Rd3 Rc6
27. Qd4 c2 28. Rd2 Qc7 29. g3 Rc8 30. Ke2 h6 31. Qd7 Qe5 32. Qd3 Qb2 0-1

[Event "CAN-op (Pinnacle 48th CAN Op Ch)"]
[Site "Toronto CAN"]
[Date "2011.07.15"]
[Round "7"]
[White "Plotkin, Victor"]
[Black "Chiku-Ratte, Olivier-Kenta"]
[Result "1-0"]
[WhiteElo "2411"]
[BlackElo "1729"]
[PlyCount "119"]
[EventDate "2011.07.09"]
[EventType "swiss"]
[EventRounds "9"]
[EventCountry "CAN"]

1. e4 c5 2. c3 d5 3. exd5 Qxd5 4. d4 Nc6 5. Nf3 Bg4 6. dxc5 Bxf3 7. Qxf3 Qxf3
8. gxf3 e5 9. b4 O-O-O 10. Bc4 f6 11. Nd2 Nge7 12. Ne4 Nd5 13. Bd2 Be7 14.
O-O-O Kc7 15. Nd6 Bxd6 16. Bxd5 Be7 17. Bc4 f5 18. Kc2 Bh4 19. Rhf1 f4 20. Bc1
Rxd1 21. Kxd1 Rd8+ 22. Ke2 g5 23. Bd3 h6 24. Bb2 g4 25. Be4 gxf3+ 26. Bxf3 Bg5
27. Rd1 Re8 28. Be4 Ne7 29. c4 Nc6 30. a3 Nd4+ 31. Bxd4 exd4 32. Kd3 Bh4 33. f3
Rg8 34. Kxd4 Bf6+ 35. Kd3 Rg2 36. Rd2 Rxd2+ 37. Kxd2 Bb2 38. a4 Ba3 39. Kc3 a5
40. bxa5 Bxc5 41. Bd5 Bg1 42. h3 b6 43. a6 Kb8 44. Kd3 Bh2 45. Bf7 Ka7 46. Ke4
Kxa6 47. Kf5 Bg3 48. Kg6 Ka5 49. Be8 Kb4 50. Bb5 Kc5 51. Kxh6 Kd4 52. Kg5 Ke5
53. h4 Ke6 54. h5 Kf7 55. h6 Kg8 56. c5 bxc5 57. Bc4+ Kh7 58. a5 Be1 59. a6 Ba5
60. a7 1-0

[Event "CAN-op (Pinnacle 48th CAN Op Ch)"]
[Site "Toronto CAN"]
[Date "2011.07.16"]
[Round "8"]
[White "Chiku-Ratte, Olivier-Kenta"]
[Black "Shebetah, Wajdy"]
[Result "0-1"]
[WhiteElo "1729"]
[BlackElo "2194"]
[PlyCount "78"]
[EventDate "2011.07.09"]
[EventType "swiss"]
[EventRounds "9"]
[EventCountry "CAN"]

1. d4 e6 2. c4 f5 3. g3 Nf6 4. Bg2 d5 5. cxd5 exd5 6. Nc3 c6 7. Nf3 Bd6 8. O-O
O-O 9. Bf4 Bxf4 10. gxf4 Ne4 11. e3 Rf6 12. Ne2 Qe7 13. Qe1 Nd7 14. Rc1 b6 15.
Nd2 Rh6 16. Ng3 Nxg3 17. fxg3 Ba6 18. Rf2 Re8 19. Bf1 Bb7 20. Rc3 Nf6 21. Re2
c5 22. dxc5 bxc5 23. Qc1 Ba6 24. Rg2 Bxf1 25. Nxf1 Ne4 26. Rd3 Rd6 27. Qd1 Red8
28. Rc2 Kf8 29. b3 d4 30. exd4 Rxd4 31. Rxd4 cxd4 32. Qh5 g6 33. Qh6+ Ke8 34.
Rc1 d3 35. Qh3 d2 36. Rd1 Qc5+ 37. Kg2 Qf2+ 38. Kh1 Qf3+ 39. Qg2 Qxd1 0-1

[Event "CAN-op (Pinnacle 48th CAN Op Ch)"]
[Site "Toronto CAN"]
[Date "2011.07.17"]
[Round "9"]
[White "Lacau Rodean, Iulia"]
[Black "Chiku-Ratte, Olivier-Kenta"]
[Result "1/2-1/2"]
[WhiteElo "2091"]
[BlackElo "1729"]
[PlyCount "121"]
[EventDate "2011.07.09"]
[EventType "swiss"]
[EventRounds "9"]
[EventCountry "CAN"]

1. e4 c5 2. Nf3 d6 3. g3 g6 4. Bg2 Bg7 5. O-O Nc6 6. c3 Bg4 7. h3 Bxf3 8. Qxf3
Nf6 9. Na3 O-O 10. Nc2 Nd7 11. Qe2 Rb8 12. f4 Qc7 13. f5 b5 14. fxg6 hxg6 15.
h4 c4 16. d4 cxd3 17. Qxd3 Nce5 18. Qe2 Nf6 19. Bf4 Qd7 20. Rad1 Nh5 21. Ne3 b4
22. c4 b3 23. axb3 Qb7 24. Nd5 Rfe8 25. Qf2 e6 26. Nc3 Qe7 27. Nb5 Red8 28.
Nxa7 Ng4 29. Nc6 Qc7 30. Qe2 Qxc6 31. Qxg4 Qc5+ 32. Kh2 Rxb3 33. Qg5 Qxg5 34.
Bxg5 f6 35. Bc1 Nxg3 36. Rf3 Rxf3 37. Bxf3 Nh5 38. c5 Bf8 39. b4 Be7 40. c6 Rb8
41. Bxh5 gxh5 42. Ba3 Bd8 43. Kg2 Bc7 44. b5 Rxb5 45. Bxd6 Bxd6 46. Rxd6 Kf7
47. c7 Rc5 48. Rd7+ Kg6 49. Re7 e5 50. Kf3 Rc3+ 51. Ke2 Rc5 52. Kd3 f5 53. Re6+
Kf7 54. exf5 Rxc7 55. Rxe5 Kf6 56. Rb5 Re7 57. Rc5 Re1 58. Kd2 Rh1 59. Rc4 Kxf5
60. Ke3 Rg1 61. Kf2 1/2-1/2

[Event "Mercredi 2011.05.18 ABCD"]
[Site "Montreal CAN"]
[Date "2011.05.18"]
[Round "1"]
[White "Chiku-Ratte, Olivier-Kenta"]
[Black "Pichardo, Agustin"]
[Result "0-1"]
[WhiteElo "2042"]
[BlackElo "2100"]
[PlyCount "96"]
[EventDate "2011.05.18"]
[EventType "tourn"]
[EventRounds "5"]
[EventCountry "CAN"]

1. d4 e6 2. c4 Nf6 3. Nc3 Bb4 4. e3 O-O 5. Nge2 b6 6. a3 Bxc3+ 7. Nxc3 Bb7 8.
d5 d6 9. g3 Nbd7 10. Bg2 Ne5 11. b3 exd5 12. cxd5 Ba6 13. Bf1 Qc8 14. Be2 Bb7
15. e4 h6 16. f4 Ng6 17. O-O Re8 18. Bf3 c6 19. dxc6 Qxc6 20. Qd4 Rac8 21. Bb2
Qc5 22. Rfd1 Nxe4 23. Nxe4 Bxe4 24. Qxc5 Rxc5 25. Bxe4 Rxe4 26. Rd2 Ne7 27.
Rad1 Nf5 28. Bd4 Rxd4 29. Rxd4 Nxd4 30. Rxd4 Rc3 31. b4 Kf8 32. Rxd6 Ke7 33.
Rd5 Rxa3 34. b5 Ra5 35. Re5+ Kd6 36. Kf2 a6 37. bxa6 Rxe5 38. fxe5+ Kc7 39. Ke3
b5 40. a7 Kb7 41. a8=Q+ Kxa8 42. Kd4 Kb7 43. Kc5 Ka6 44. Kb4 Kb6 45. h4 h5 46.
Kb3 Kc5 47. Kc3 b4+ 48. Kd3 Kd5 0-1

[Event "Mercredi 2011.05.18 ABCD"]
[Site "Montreal CAN"]
[Date "2011.06.07"]
[Round "2"]
[White "Chiku-Ratte, Olivier-Kenta"]
[Black "Plante, Michel"]
[Result "1/2-1/2"]
[WhiteElo "2042"]
[BlackElo "2072"]
[PlyCount "145"]
[EventDate "2011.05.18"]
[EventType "tourn"]
[EventRounds "5"]
[EventCountry "CAN"]

1. d4 d6 2. c4 e5 3. e3 Nd7 4. Nc3 g6 5. Nf3 Bg7 6. Be2 Ne7 7. d5 O-O 8. O-O a5
9. Rb1 f5 10. e4 f4 11. a3 h6 12. b4 b6 13. Bb2 g5 14. Nd2 Kh7 15. h3 Ng8 16.
Nf3 Bf6 17. g4 Be7 18. Ne1 Ngf6 19. f3 Rh8 20. Ng2 h5 21. Kf2 hxg4 22. hxg4 Kg6
23. Rh1 Bb7 24. Nb5 Rxh1 25. Qxh1 c6 26. Nc3 Qh8 27. dxc6 Qxh1 28. Rxh1 Bxc6
29. Ra1 axb4 30. axb4 Rxa1 31. Bxa1 Ne8 32. Ne1 Kf7 33. Bd1 Nc7 34. Bb3 Ke8 35.
Nc2 Bd8 36. Bb2 Nf8 37. Nd5 Bxd5 38. cxd5 Kd7 39. Na3 b5 40. Nxb5 Nxb5 41. Ba4
Bb6+ 42. Ke2 Ng6 43. Bxb5+ Kc7 44. Kf1 Be3 45. Bc3 Kb6 46. Be2 Bc1 47. Be1 Ba3
48. Bf2+ Kb7 49. b5 Bb4 50. Bd1 Ba5 51. Ba4 Nf8 52. Ke2 Bb6 53. Be1 Nd7 54. Bb4
Kc7 55. Kd3 Nf6 56. Bd1 Ng8 57. Be2 Nh6 58. Kc4 Nf7 59. Kd3 Nd8 60. Kc4 Nb7 61.
Bd1 Bc5 62. Bd2 Kb6 63. Bb4 Bxb4 64. Kxb4 Nc5 65. Bc2 Nd7 66. Bd1 Nf6 67. Be2
Ng8 68. Bd3 Ne7 69. Bf1 Ng6 70. Bg2 Ne7 71. Bf1 Ng6 72. Bg2 Nh4 73. Bh1 1/2-1/2

[Event "Mercredi 2011.05.18 ABCD"]
[Site "Montreal CAN"]
[Date "2011.06.01"]
[Round "3"]
[White "Levkovsky, Alexandre"]
[Black "Chiku-Ratte, Olivier-Kenta"]
[Result "1/2-1/2"]
[WhiteElo "2241"]
[BlackElo "2042"]
[PlyCount "100"]
[EventDate "2011.05.18"]
[EventType "tourn"]
[EventRounds "5"]
[EventCountry "CAN"]

1. e4 c5 2. Nc3 Nc6 3. g3 g6 4. Bg2 Bg7 5. Nge2 d6 6. d3 e6 7. h4 h5 8. Bg5
Nge7 9. O-O O-O 10. a3 Rb8 11. Rb1 e5 12. Nd5 f6 13. Be3 Nxd5 14. exd5 Nd4 15.
b4 Bf5 16. bxc5 dxc5 17. c3 Nxe2+ 18. Qxe2 Qd6 19. c4 Bd7 20. Qd2 b6 21. f4 Kh7
22. fxe5 fxe5 23. Be4 Bh3 24. Bg2 Bf5 25. Kh2 Qd7 26. Rf2 Qa4 27. Rbf1 Rf7 28.
Be4 Rbf8 29. Qd1 Qd7 30. Qe2 Bg4 31. Rxf7 Rxf7 32. Rxf7 Qxf7 33. Qe1 Bf5 34.
Bg5 Bf8 35. Qf2 Kg8 36. Kg1 Bxe4 37. Qxf7+ Kxf7 38. dxe4 a6 39. a4 Be7 40. Bd2
a5 41. Kg2 Bf6 42. Kh3 Ke7 43. Kg2 Kd7 44. Kf3 Be7 45. Bh6 Bf6 46. Bd2 Be7 47.
Be3 Bf6 48. Bh6 Ke7 49. Ke2 Bh8 50. Kf3 Bf6 1/2-1/2

[Event "Mercredi 2011.05.18 ABCD"]
[Site "Montreal CAN"]
[Date "2011.06.08"]
[Round "4"]
[White "Chiku-Ratte, Olivier-Kenta"]
[Black "Tremblay, Alain"]
[Result "1/2-1/2"]
[WhiteElo "2042"]
[BlackElo "2092"]
[PlyCount "89"]
[EventDate "2011.05.18"]
[EventType "tourn"]
[EventRounds "5"]
[EventCountry "CAN"]

1. d4 d6 2. c4 f5 3. Nf3 Nf6 4. Nc3 g6 5. g3 Bg7 6. Bg2 O-O 7. O-O Qe8 8. d5
Na6 9. Be3 c5 10. Qd2 Nc7 11. a4 b6 12. Qd3 h6 13. h4 Bd7 14. Nd2 Ng4 15. Bf4
Bd4 16. e3 Bf6 17. f3 Ne5 18. Bxe5 Bxe5 19. f4 Bg7 20. e4 Bd4+ 21. Kh2 a6 22.
e5 dxe5 23. fxe5 Bxe5 24. d6 Bxd6 25. Bxa8 Qxa8 26. Nd5 Nxd5 27. Qxd5+ Qxd5 28.
cxd5 b5 29. axb5 Bxb5 30. Rfe1 f4 31. Ne4 fxg3+ 32. Kg2 Be5 33. Nxg3 Bxb2 34.
Rab1 Bf6 35. h5 gxh5 36. Re6 Kf7 37. Nxh5 Bc4 38. Nxf6 Bxd5+ 39. Nxd5 Kxe6 40.
Nc7+ Kd6 41. Nxa6 Kc6 42. Re1 Kd6 43. Rd1+ Kc6 44. Re1 Kd6 45. Rd1+ 1/2-1/2

[Event "Mercredi 2011.05.18 ABCD"]
[Site "Montreal CAN"]
[Date "2011.06.15"]
[Round "5"]
[White "Gauthier, Denis"]
[Black "Chiku-Ratte, Olivier-Kenta"]
[Result "0-1"]
[WhiteElo "2112"]
[BlackElo "2042"]
[PlyCount "91"]
[EventDate "2011.05.18"]
[EventType "tourn"]
[EventRounds "5"]
[EventCountry "CAN"]

1. d4 Nf6 2. c4 c5 3. d5 e6 4. Nf3 exd5 5. cxd5 d6 6. e4 g6 7. Nc3 Bg7 8. h3
Nbd7 9. Bg5 O-O 10. Be2 Re8 11. Nd2 b5 12. Bxb5 Nxe4 13. Ncxe4 Qxg5 14. O-O
Qxd5 15. Qf3 Qf5 16. Qxf5 gxf5 17. Nxd6 Rd8 18. N2c4 Ne5 19. Rad1 Be6 20. b3 f4
21. Rfe1 Nxc4 22. Bxc4 Bxc4 23. Nxc4 Rd4 24. Rxd4 cxd4 25. Re7 Rd8 26. Kf1 d3
27. Ke1 Bc3+ 28. Kd1 Rd5 29. Re4 Rg5 30. Rxf4 Rxg2 31. Rg4+ Rxg4 32. hxg4 Kg7
33. Ne3 Kg6 34. Nd5 Bd4 35. f3 Bc5 36. Kd2 f5 37. Nf4+ Kf6 38. g5+ Kf7 39. Kxd3
Be7 40. Nh3 Kg6 41. f4 Kh5 42. Nf2 Kh4 43. Ke2 Kg3 44. Nd3 Bd6 45. Ke3 a5 46.
Nc1 0-1

[Event "Mercredi 2011.04.06 ABCD"]
[Site "Montreal CAN"]
[Date "2011.04.06"]
[Round "1"]
[White "Chiku-Ratte, Olivier-Kenta"]
[Black "Gauthier, Denis"]
[Result "1/2-1/2"]
[WhiteElo "2033"]
[BlackElo "2076"]
[PlyCount "61"]
[EventDate "2011.04.06"]
[EventType "tourn"]
[EventRounds "5"]
[EventCountry "CAN"]

1. d4 Nf6 2. c4 g6 3. Nc3 Bg7 4. e4 d6 5. f4 O-O 6. Nf3 c5 7. d5 e6 8. Be2 exd5
9. cxd5 Re8 10. Nd2 Nbd7 11. O-O a6 12. a4 Rb8 13. a5 b5 14. axb6 Nxb6 15. e5
dxe5 16. fxe5 Nfxd5 17. Nf3 Nxc3 18. bxc3 Qxd1 19. Rxd1 Bg4 20. Bf4 Bxf3 21.
Bxf3 Bxe5 22. Bxe5 Rxe5 23. Rxa6 Nc4 24. Rc6 Rb3 25. Bd5 Rxc3 26. Rxc5 Ne3 27.
Rxc3 Nxd1 28. Rc8+ Kg7 29. Bc4 Re1+ 30. Bf1 Ne3 31. Kf2 1/2-1/2

[Event "Mercredi 2011.04.06 ABCD"]
[Site "Montreal CAN"]
[Date "2011.04.13"]
[Round "2"]
[White "Chiku-Ratte, Olivier-Kenta"]
[Black "Levkovsky, Alexandre"]
[Result "0-1"]
[WhiteElo "2033"]
[BlackElo "2253"]
[PlyCount "96"]
[EventDate "2011.04.06"]
[EventType "tourn"]
[EventRounds "5"]
[EventCountry "CAN"]

1. d4 Nf6 2. c4 e6 3. Nc3 Bb4 4. e3 O-O 5. Nge2 d5 6. a3 Bd6 7. cxd5 exd5 8.
Ng3 Re8 9. Bd3 g6 10. O-O c6 11. Qc2 Bf8 12. Rb1 a5 13. Na4 b6 14. b4 axb4 15.
axb4 Ba6 16. b5 cxb5 17. Bxb5 Nbd7 18. Bd2 Qc8 19. Qb3 Bxb5 20. Qxb5 Qc2 21.
Nxb6 Nxb6 22. Qxb6 Reb8 23. Qxb8 Rxb8 24. Rxb8 Qxd2 25. Ra1 Ng4 26. Rf1 Kg7 27.
Rb5 Nf6 28. Ra1 Bd6 29. Rb7 Ng4 30. Rf1 h5 31. Rd7 Qb4 32. h3 Nf6 33. Ra7 Qd2
34. Nh1 Qe2 35. Rb1 Ne4 36. Rd7 Qc2 37. Ra1 Qb2 38. Rf1 Qb5 39. Ra7 Qb8 40.
Rfa1 Bh2+ 41. Kf1 Qb5+ 42. Ke1 Qb4+ 43. Kf1 Qc4+ 44. Ke1 Qc3+ 45. Kf1 Qd3+ 46.
Ke1 Nc3 47. R7a2 Nxa2 48. Rxa2 Qb1+ 0-1

[Event "Mercredi 2011.04.06 ABCD"]
[Site "Montreal CAN"]
[Date "2011.04.20"]
[Round "3"]
[White "Dumont, Felix"]
[Black "Chiku-Ratte, Olivier-Kenta"]
[Result "1-0"]
[WhiteElo "1996"]
[BlackElo "2033"]
[PlyCount "121"]
[EventDate "2011.04.06"]
[EventType "tourn"]
[EventRounds "5"]
[EventCountry "CAN"]

1. e4 c5 2. Nf3 d6 3. d4 cxd4 4. Qxd4 a6 5. Bg5 Nc6 6. Qd2 g6 7. Nc3 Bg7 8.
O-O-O Nf6 9. e5 dxe5 10. Qxd8+ Nxd8 11. Nxe5 Ne6 12. Be3 O-O 13. Bb6 Ne8 14.
Nd7 Bxd7 15. Rxd7 Bxc3 16. bxc3 Nd6 17. Rxe7 Rfc8 18. Kb2 Rc6 19. Bd4 Kf8 20.
Rxe6 fxe6 21. Bd3 Rac8 22. h4 Nf5 23. h5 g5 24. h6 g4 25. Rh5 Kf7 26. Be4 Rd6
27. Bxf5 exf5 28. Rxf5+ Kg8 29. Rg5+ Rg6 30. Rxg6+ hxg6 31. Kb3 Kh7 32. Be3 b5
33. Bd2 Rc4 34. Be3 Re4 35. g3 Rc4 36. Bd2 a5 37. Kb2 Rc5 38. Be3 Rd5 39. Kb3
Rd1 40. a4 b4 41. cxb4 Rb1+ 42. Ka3 Rxb4 43. Bd2 Rc4 44. Kb3 Rc5 45. Be3 Rc6
46. c4 g5 47. c5 Kg6 48. Kc4 Rc7 49. Kb5 Kf7 50. Kxa5 Ke6 51. Kb6 Kd7 52. Bxg5
Rc8 53. Bf4 Rc6+ 54. Kb5 Rc8 55. c6+ Ke6 56. Kb6 Ra8 57. c7 Kd7 58. Kb7 Rh8 59.
a5 Rg8 60. a6 Rf8 61. a7 1-0

[Event "Mercredi 2011.04.06 ABCD"]
[Site "Montreal CAN"]
[Date "2011.04.27"]
[Round "4"]
[White "Chiku-Ratte, Olivier-Kenta"]
[Black "Plante, Michel"]
[Result "1-0"]
[WhiteElo "2033"]
[BlackElo "2094"]
[PlyCount "127"]
[EventDate "2011.04.06"]
[EventType "tourn"]
[EventRounds "5"]
[EventCountry "CAN"]

1. c4 e5 2. Nc3 d6 3. g3 f5 4. Bg2 Nf6 5. d3 Be7 6. Nf3 O-O 7. O-O Qe8 8. Rb1
Qh5 9. Nd2 f4 10. Nde4 Ng4 11. h3 Nf6 12. Nxf6+ Bxf6 13. g4 Qh4 14. Ne4 Nc6 15.
Bd2 Be6 16. Bc3 Rad8 17. b4 h5 18. f3 hxg4 19. fxg4 Nd4 20. Bxd4 exd4 21. Qa4
Be5 22. Rf3 b6 23. Rb2 d5 24. cxd5 Bxd5 25. Rf2 Bxe4 26. Bxe4 f3 27. Qb3+ Kh8
28. exf3 Bf4 29. Kh1 Be3 30. Rf1 Rf6 31. Kg2 Rdf8 32. Qd1 Rh6 33. Rh1 Qg5 34.
Qe1 Rh4 35. Rc2 Bf4 36. Rc6 Bd6 37. b5 Rh6 38. Qf2 Qxb5 39. Qxd4 Rhf6 40. Qf2
Re8 41. Rc2 Bc5 42. Qh4+ Rh6 43. Qg5 Qa4 44. Re2 Rf8 45. f4 Qd4 46. f5 Bd6 47.
Qc1 Qe5 48. Re3 Qd4 49. Rf3 Qe5 50. h4 Be7 51. g5 Rh5 52. Qe3 c5 53. Qe2 Bd6
54. Re3 Rh7 55. f6 Re8 56. f7 Re6 57. Qf3 Bf8 58. Ree1 Qb2+ 59. Kf1 g6 60. h5
Qe5 61. hxg6 Rh2 62. Qh5+ Rxh5 63. Rxh5+ Bh6 64. f8=Q# 1-0

[Event "Mercredi 2011.04.06 ABCD"]
[Site "Montreal CAN"]
[Date "2011.05.04"]
[Round "5"]
[White "Sasseville, Jean"]
[Black "Chiku-Ratte, Olivier-Kenta"]
[Result "0-1"]
[WhiteElo "1967"]
[BlackElo "2033"]
[PlyCount "86"]
[EventDate "2011.04.06"]
[EventType "tourn"]
[EventRounds "5"]
[EventCountry "CAN"]

1. Nf3 c5 2. c4 Nf6 3. Nc3 Nc6 4. g3 g6 5. d4 cxd4 6. Nxd4 Nxd4 7. Qxd4 Bg7 8.
Bg2 d6 9. O-O O-O 10. Qd3 Rb8 11. Bd2 a6 12. Rac1 Bf5 13. e4 Bd7 14. h3 b5 15.
cxb5 axb5 16. b4 Bc6 17. Rc2 Nd7 18. f4 Qb6+ 19. Be3 Qb7 20. Rfc1 Rfc8 21. Nd5
Bxd5 22. Rxc8+ Rxc8 23. Rxc8+ Qxc8 24. Qxd5 Qc3 25. Qd2 Qa1+ 26. Bf1 Nf6 27.
Qd3 Qxa2 28. Qxb5 Nxe4 29. Qc4 Qb1 30. g4 Ng3 31. b5 Nxf1 32. Qxf1 Qe4 33. Kf2
Bd4 34. Bxd4 Qxf4+ 35. Kg2 Qxd4 36. Qb1 Qb6 37. Qb3 e6 38. Qc4 Kf8 39. Qc8+ Ke7
40. Qa6 Qb8 41. b6 Kd7 42. Qa7+ Kc8 43. Qxf7 Qb7+ 0-1

[Event "Ahuntsic-A"]
[Site "Montreal CAN"]
[Date "2011.04.03"]
[Round "3"]
[White "Bolduc, Steve"]
[Black "Chiku-Ratte, Olivier-Kenta"]
[Result "0-1"]
[WhiteElo "2095"]
[BlackElo "1771"]
[PlyCount "68"]
[EventDate "2011.04.03"]
[EventType "swiss (rapid)"]
[EventRounds "5"]
[EventCountry "CAN"]

1. d4 Nf6 2. c4 c5 3. Nf3 cxd4 4. Nxd4 g6 5. Nc3 Bg7 6. e4 d6 7. Be2 Nc6 8. Nc2
O-O 9. O-O Be6 10. Rb1 Nd7 11. Nd5 Nc5 12. f3 a5 13. Be3 Na4 14. Nd4 Nxd4 15.
Bxd4 Bxd4+ 16. Qxd4 Bxd5 17. cxd5 Qb6 18. Qxb6 Nxb6 19. Rfc1 Rfc8 20. Bb5 a4
21. a3 Rxc1+ 22. Rxc1 Ra5 23. Be2 Rc5 24. Rxc5 dxc5 25. Kf2 f5 26. Ke3 Kf7 27.
g4 fxe4 28. Kxe4 Nc8 29. Ke5 Nd6 30. h4 b5 31. f4 b4 32. g5 c4 33. axb4 c3 34.
Kd4 c2 0-1